|
|
|
|
| LEADER |
01438pam a2200337 a 4500 |
| 001 |
AALScienceDirectebook000064 |
| 003 |
BD-DhAAL |
| 006 |
m||||||||d|||||||| |
| 007 |
cr|||||||||||| |
| 008 |
201114s9999 enkabf fo j 001 0 eng d |
| 020 |
|
|
|a 9780444633743
|
| 040 |
|
|
|a BD-DhAAL
|c BD-DhAAL
|
| 082 |
0 |
0 |
|a 332
|2 23
|
| 245 |
1 |
0 |
|h [electronic resource]
|a Handbook of behavioral economics :
|b foundations and applications.
|n 1 /
|c edited by B. Douglas Bernheim, Stefano DellaVigna and David Laibson.
|
| 264 |
|
|
|a North Holland :
|b ELSEVIER,
|c 2018.
|
| 300 |
|
|
|a 1 online resource
|
| 362 |
|
|
|a Vol. 1
|
| 500 |
|
|
|a <strong>Off-Campus Access:</strong> Athens ID and Password Required
|
| 500 |
|
|
|a <strong>On-Campus Access:</strong> No User ID or Password Required
|
| 506 |
|
|
|a Electronic access restricted to authorized BRAC University faculty, staff and students
|
| 538 |
|
|
|a Mode of access: Internet
|
| 650 |
|
4 |
|a FINANCE.
|
| 655 |
|
7 |
|a Electronic books
|2 Library of Congress
|
| 700 |
|
|
|a Bernheim, B. Douglas.
|9 56025
|
| 700 |
|
|
|a DellaVigna, Stefano.
|9 56026
|
| 700 |
|
|
|a Laibson, David.
|9 56024
|
| 852 |
|
|
|a Ayesha Abed Library
|
| 856 |
4 |
0 |
|z Full text available on ScienceDirect[9/17/18]
|u https://www.sciencedirect.com/science/book/9780444633743
|
| 942 |
|
|
|2 ddc
|c EBK
|
| 999 |
|
|
|c 42404
|d 42404
|
| 952 |
|
|
|0 0
|1 0
|2 ddc
|4 0
|6 332_000000000000000_HAN
|7 0
|9 68300
|a BRACUL
|b BRACUL
|d 2020-11-14
|l 0
|o 332 HAN
|r 2020-11-14
|t 1
|w 2020-11-14
|y EBK
|